000 00688nam a2200133Ia 4500
008 171212s9999 xx 000 0 und d
020 _a9781760460549
100 _aYardley, Christopher B.
245 _cYardley, Christopher B.
_aAlso Innovators
_bHow one computer salesman contributed to the digital revolution
260 _bANU E Press
_c2016
650 _aComputer industry -- Technological innovations; Computer industry -- Employees -- Effect of technological innovations on; Technological innovations; Selling -- Computers; Airlines -- Computer-aided design -- History; IBM computers -- History; Unisys compu
650 _aTechnology
856 _uhttp://jstor.org/stable/j.ctt1rqc9br
999 _c350984
_d350984